UBT Library

Spreadsheet modeling & decision analysis : (Record no. 44935)

000 -LEADER
fixed length control field 00786cam a2200265 a 4500
001 - CONTROL NUMBER
control field 16421984
005 - DATE AND TIME OF LATEST TRANSACTION
control field 20180313103146.0
008 - FIXED-LENGTH DATA ELEMENTS--GENERAL INFORMATION
fixed length control field 100818s2012 ohua 001 0 eng
010 ## - LIBRARY OF CONGRESS CONTROL NUMBER
LC control number 2010935205
020 ## - INTERNATIONAL STANDARD BOOK NUMBER
International Standard Book Number 9780538746311
020 ## - INTERNATIONAL STANDARD BOOK NUMBER
International Standard Book Number 0538746319
040 ## - CATALOGING SOURCE
Original cataloging agency DLC
Transcribing agency DLC
Modifying agency DLC
041 ## - LANGUAGE CODE
Language code of text/sound track or separate title eng
042 ## - AUTHENTICATION CODE
Authentication code pcc
080 ## - UNIVERSAL DECIMAL CLASSIFICATION NUMBER
Universal Decimal Classification number 005.54 CLI
082 00 - DEWEY DECIMAL CLASSIFICATION NUMBER
Classification number 005.54 CLI
Edition number 23
100 1# - Rafti
Rafti 36
101 ## - Shkurtesa
Shkurtesa SHK
245 10 - TITLE STATEMENT
Title Spreadsheet modeling & decision analysis :
Statement of responsibility, etc Cliff T. Ragsdale.
246 3# - VARYING FORM OF TITLE
Title proper/short title Spreadsheet modeling and decision analysis
906 ## - LOCAL DATA ELEMENT F, LDF (RLIN)
a 7
b cbc
c origcop
d 2
e epcn
f 20
g y-gencatlg
942 ## - ADDED ENTRY ELEMENTS (KOHA)
Source of classification or shelving scheme
Item type Books
Holdings
Withdrawn status Lost status Source of classification or shelving scheme Damaged status Not for loan Collection code Permanent location Current location Shelving location Date acquired Total Checkouts Full call number Barcode Date last seen Price effective from Koha item type
          Koleksioni i përgjithshem UBT - Lipjan UBT - Lipjan Koleksioni i përgjithshem 03/13/2018   005.54 CLI 002-3001963 03/13/2018 03/13/2018 Books
UBT Library © 2015-2024. All rights reserved University Education for Business and Technology